Qui suis-je? Manga édition (version intermédiaire) - Statistiques

Statistiques générales
  • Ce quiz a été pris 24 fois
  • Le résultat moyen est 4 sur 10
Statistiques - réponses
Indice Réponse % Correct
Ancien assassin, je suis maintenant gérant d'une superette. J'ai pris beaucoup de poids depuis ma retraite, mais je reste mortel envers ceux qui s'en prennent à mes proches. Je peux confectionner une arme avec n'importe quoi. Je suis: Taro Sakamoto
94%
Manga slice of life de 2013, mon thème du harcèlement et du handicap (notamment la surdité) sont ce qui m'ont démarqué des autres. Un film d'animation a adapté mon histoire en 2018. J'ai fais tirer une larme à beaucoup de gens. Je suis: A silent voice
71%
Venu du futur, je suis en possession d'un tas de gadget. J'ai même une poche dimensionnelle pour les ranger. Je suis un gros chat robot bleu, et je passe mon temps avec Nobita, mon meilleur ami. Je suis: Doraemon
53%
Manga récent, je suis devenu une usine à meme lors de ma parution, à cause du design générique de mon protagoniste. Je suis une histoire de vengeance et mes personnages se battent au katana. Je suis la nouvelle figure de proue du Shonen Jump. Je suis: Kagurabachi
41%
Manga du Shonen Jump, je suis paru entre 2008 et 2016. Mon mangaka sera accusé d'abus sur mineurs, alors que je connaissais un succès proche du big 3. Mon univers est riche et mes personnages surpuissants cherchent à créer le menu ultime. Je suis: Toriko
41%
Oeuvre ayant connu un long hiatus, je raconte une guerre entre humains génétiquement modifiés et des cafards ayant évolué sur Mars. Mes protagonistes possèdent des pouvoirs liés à certains animaux. Je suis: Terraformars
35%
Paru en 1996, je dépeins un monde en désolation et désertique. Je suis un far west futuriste, et mon protagoniste blond est mis à prix de $$60,000,000,000, et alterne entre l'idiot de service et un tueur sans pitié. Je suis: Trigun
35%
Né en 1847, je ferais tout pour ma patrie. je possède un pouvoir me permettant de me déplacer à travers des univers parallèles. Je suis le 23ème président des USA et je recherche les ossements d'un corps saint. Je suis: Funny Valentine
24%
Jeune homme japonais, je décide de déménager en Corée du Sud pour suivre la fille que j'aime. Je deviens par la force des choses boss d'un gang. J'écrase mes adversaires avec mes poings. Je suis: Ken Kitano
24%
Personnage ambigu de mon œuvre, je suis censé défendre ma déesse, mais ma 2ème personnalité prend le dessus. J'ai un cosmos suffisant pour faire exploser une galaxie. Je suis un des plus puissants chevaliers d'Athéna. Je suis: Saga des Gémeaux
12%
Aucun quiz correspondant
Distribution des résultats
% des personnes avec chaque résultat
Percentile par nombre de réponses
Votre historique - résultats
Vous n’avez pas pris ce quiz